Angielscy piłkarze - nagła śmierć - Statystyki

Ogólne statystyki
  • Ten quiz został rozwiązany 2 280 razy
  • Średni wynik to 9 z 14
Answers on the Grid
Answers color-coded by a green-red scale on the quiz's grid according to % correct below.
David Beckham
Gareth Bale
Harry Kane
Roy Keane
Raheem Sterling
John Stones
Ryan Giggs
Jordan Henderson
Scott McTominay
Mauro Icardi
Declan Rice
Andrew Robertson
Jadon Sancho
Esteban Cambiasso
Phil Foden
Kieran Trippier
Jack Grealish
Nicolás Otamendi
Kenny Dalglish
Séamus Coleman
Trent Alexander-Arnold
Romelu Lukaku
Petr Čech
James Maddison
Didier Drogba
Ben White
Gheorghe Hagi
Tyrone Mings
 
Statystyki odpowiedzi
Odpowiedź % Poprawnych
David Beckham
96%
Harry Kane
85%
Raheem Sterling
74%
John Stones
73%
Declan Rice
66%
Jack Grealish
64%
Phil Foden
64%
Jordan Henderson
63%
Trent Alexander-Arnold
61%
Jadon Sancho
59%
Ben White
58%
Kieran Trippier
58%
James Maddison
55%
Tyrone Mings
51%
Nie znaleziono quizów pasujących do podanych kryteriów
Rozkład punktacji
Procent ludzi z każdym wynikiem
Percentyl według liczby udzielonych odpowiedzi
Twoja historia wyników
Nie rozwiązałeś tego quizu